An Introduction to Logic and Scientific Method (Record no. 594896)

MARC details
000 -LEADER
fixed length control field 00455nam a2200145Ia 4500
008 - FIXED-LENGTH DATA ELEMENTS--GENERAL INFORMATION
fixed length control field 100415s9999 xx 000 0 und d
082 ## - DEWEY DECIMAL CLASSIFICATION NUMBER
Item number 11978
Classification number 160
100 ## - MAIN ENTRY--PERSONAL NAME
Personal name Cohen Morris R
245 ## - TITLE STATEMENT
Title An Introduction to Logic and Scientific Method
260 ## - PUBLICATION, DISTRIBUTION, ETC. (IMPRINT)
Place of publication, distribution, etc LONDON
Date of publication, distribution, etc 1934
Name of publisher, distributor, etc ROULEDGE AND KEGAN PAUL LTD
365 ## - TRADE PRICE
Price amount 0
630 ## - SUBJECT ADDED ENTRY--UNIFORM TITLE
Uniform title An Introduction to Logic and Scientific Method
730 ## - ADDED ENTRY--UNIFORM TITLE
Uniform title An Introduction to Logic and Scientific Method
942 ## - ADDED ENTRY ELEMENTS (KOHA)
Koha item type Book
Holdings
Withdrawn status Lost status Damaged status Not for loan Home library Current library Date acquired Cost, normal purchase price Total Checkouts Full call number Barcode Date last seen Price effective from Koha item type
        Bombay Natural History Society Bombay Natural History Society 08/27/1997 0.00   160 11978 BNHS-11978 04/15/2010 04/15/2010 Book